1884 1463 1866 1856 1568 1875 1959 1673 1348 1628 1161 1525 1574 1595 1246 1770 1769 1747 1418 1413 1813 1399 1672 1860 1144 1020 1065 1656 1431 1823 1956 1808 1826 1359 1157 1229 1060 1742 1700 1751 1089 1150 1316 1794 1056 1426 1209 1737 1789 1279 1869 1917 1137 1661 1260 1682 1182 1504 1637 1247 1915 1707 1907 1160 1540 1641 1948 1337 1216 1923 1409 1826 1435 1090 1628 1767 1010 1668 1917 1612 1267 1865 1810 1301 1199 1501 1828 1200 1657 1335 1628 1829 1575 1556 1325 1948 1419 1808 1013 BCNSPRNW ULIB Ver.6.0+V

เปลี่ยนเป็นภาษาไทย

Change to English
 แสดงรายละเอียดบรรณานุกรม
  กลับหน้าหลัก

Brief Record : Get Marc (ISO 2709) : E-mail record : QR code < ปิดหน้าต่าง
LEADER : 00000nam 2200000uu 4500
001    13399120946
003     ULIB
008    121026s2552||||th 000 0 tha d
020    ^a9786117070228 (ล.4)
050  4 ^aH62^bส786ร ล.4
100 0  ^aสุธีระ ประเสริฐสรรพ์
245 10 ^aวิจัย--พลังเปลี่ยนการเรียนรู้ 4 /^cสุธีระ ประเสริฐสรรพ์
246 30 ^aวิจัย...พลังเปลี่ยนการเรียนรู้
250    ^aพิมพ์ครั้งที่ 1
260    ^aกรุงเทพฯ :^bสำนักงานกองทุนสนับสนุนการวิจัย (สกว.),^c2552
300    ^a5 เล่ม :^bภาพประกอบ ;^c24 ซม.
650  7 ^aการวิจัย
650  7 ^aการศึกษา
650  7 ^aการเรียนรู้
710 2  ^aสำนักงานกองทุนสนับสนุนการวิจัย
740 0  ^aวิจัยใน...ความคิด : เล่มที่ 1
740 0  ^aหลักคิด...การวิจัย : เล่มที่ 2
740 0  ^aวิจัย...เรื่องใกล้ตัว : เล่มที่ 3
740 0  ^aเรียนรู้คู่วิจัย : เล่มที่ 4
740 0  ^aวิจัยใน...จินตนาการ : เล่มที่ 5
945    ^p70^l0^i16520
995    ^aทศพร
999    ^aทศพร เกษรทอง
รายการนี้ยังไม่มีแท็ก
คุณยังไม่ได้ล็อกอิน คุณสามารถมีกิจกรรมร่วมกับเว็บไซต์ได้ แต่ต้องล็อกอินก่อน ::
  ล็อกอิน

รายการสื่อสารสนเทศ

ลำดับที่ ประเภท เลขเรียก/บาร์โค้ด สถานที่ สถานะ
1. วิทยาศาสตร์การแพทย์ และสุขภาพ
วิทยาศาสตร์การแพทย์ และสุขภาพ
H62 ส786ร ล.4 ฉ.1 
  Barcode: 16520
ห้องสมุดวิทยาเขตสวรรค์ประชารักษ์
►หนังสือทั่วไป
บนชั้น

รายการใกล้เคียง
    ผู้แต่ง [สุธีระ ประเสริฐสรรพ์]

    หัวเรื่อง [การวิจัย]
    หัวเรื่อง [การศึกษา]
    หัวเรื่อง [การเรียนรู้]

BibComment


ยังไม่เคยถูกคอมเมนท์

คอมเมนท์ทรัพยากรรายการนี้
  คอมเมนท์: วิจัยพลังเปลี่ยน..


 Copyright 2026. Bcnsprnw @Library